Regimento interno / (Record no. 1132)

MARC details
000 -LÍDER
Campo Fixo de Controle 00607nam a2200205 a 4500
001 - NÚMERO DE CONTROLE
Campo de Controle 1132
003 - IDENTIFICAÇÃO DO NÚMERO DE CONTROLE
Campo de Controle BR-CuiBMT
005 - DATA E HORA DA ÚLTIMA ATUALIZAÇÃO
Campo de Controle 20231129210446.0
008 - DADOS FIXOS
Dados Fixos 231129s2002 mtba 000 0 por d
040 ## - AGÊNCIA CATALOGADORA
Código da Agência Catalogadora BR-CuiBMT
Agência que transcreveu o registro BR-CuiBMT
080 ## - Nº DA CLASSIFICAÇÃO DECIMAL UNIVERSAL
Nº edição CDU 2007
Nº Class. CDU 351.94:336.148
090 ## - NÚMERO DE CHAMADA
Complemento TCE/MT
Nº classificação 351.94:336.148
Cutter T822r
110 1# - ENTRADA PRINCIPAL -- ENTIDADE
Nome da entidade ou lugar Tribunal de Contas do Estado de Mato Grosso
245 10 - TÍTULO PRINCIPAL
Título principal Regimento interno /
Indicação de responsabilidade Tribunal de Contas do Estado de Mato Grosso.
260 ## - PUBLICAÇÃO, DISTRIBUIÇÃO, ETC.
Local de publicação Cuiabá :
Editora TCE,
Data 2002.
300 ## - DESCRIÇÃO FÍSICA
N. páginas ou volumes 136 p. ;
Dimensões 22 cm
650 ## - ASSUNTO TÓPICO
Cabeçalho tópico ou nome geográfico Administração pública
650 ## - ASSUNTO TÓPICO
Cabeçalho tópico ou nome geográfico Regimento interno
942 ## - ELEMENTOS DE ENTRADA ADICIONAIS (KOHA)
Fonte de classificação ou esquema de arquivamento Classificação Decimal Universal
Tipo de item do Koha Livros
Holdings
Estado: removido Estado: perdido Fonte de classificação ou esquema de arquivamento Estado: danificado Indisponível para empréstimo Localização permanente Localização atual Data de aquisição Total Checkouts Número de Chamada completo Código de barras Date last seen Número do exemplar Preço efetivo a partir de Tipo de item (Koha)
    Classificação Decimal Universal     Biblioteca da Escola Superior de Contas do TCE/MT Biblioteca da Escola Superior de Contas do TCE/MT 29/11/2023   TCE/MT 351.94:336.148 T822r BIBTCEMT23111320 29/11/2023 Ex. 1 29/11/2023 Livros
    Classificação Decimal Universal     Biblioteca da Escola Superior de Contas do TCE/MT Biblioteca da Escola Superior de Contas do TCE/MT 05/12/2023   TCE/MT 351.94:336.148 T822r BIBTCEMT23120184 05/12/2023 Ex. 2 05/12/2023 Livros
    Classificação Decimal Universal     Biblioteca da Escola Superior de Contas do TCE/MT Biblioteca da Escola Superior de Contas do TCE/MT 05/12/2023   TCE/MT 351.94:336.148 T822r BIBTCEMT23120185 05/12/2023 Ex. 3 05/12/2023 Livros
    Classificação Decimal Universal     Biblioteca da Escola Superior de Contas do TCE/MT Biblioteca da Escola Superior de Contas do TCE/MT 05/12/2023   TCE/MT 351.94:336.148 T822r BIBTCEMT23120186 05/12/2023 Ex. 4 05/12/2023 Livros
    Classificação Decimal Universal     Biblioteca da Escola Superior de Contas do TCE/MT Biblioteca da Escola Superior de Contas do TCE/MT 05/12/2023   TCE/MT 351.94:336.148 T822r BIBTCEMT23120187 05/12/2023 Ex. 5 05/12/2023 Livros

Powered by Koha